| 000 | 00679nam a2200241 a 4500 | ||
|---|---|---|---|
| 005 | 20140311163021.0 | ||
| 008 | 121011s19uu xx 00 eng d | ||
| 020 | _a9780230203358 | ||
| 050 |
_aP 91 _b.L29 2009 |
||
| 100 | _aLacey, Nick | ||
| 245 |
_aImage and representation : _bkey concepts in media studies / _cNick Lacey. |
||
| 250 | _a2nd ed. | ||
| 260 |
_aBasingstoke [England] : _bPalgrave Macmillan, _c2009. |
||
| 300 |
_a291 p. : _bill. ; _c25 cm. |
||
| 500 | _aIncludes index | ||
| 521 | _aMA | ||
| 650 | _aMass media | ||
| 650 | _aImagery (Psychology) | ||
| 650 | _aSemiotics | ||
| 650 | _aMental representation | ||
| 942 |
_cBK _2lcc _kFOR |
||
| 999 |
_c39472 _d39472 |
||